00228nam a2200085Ia 4500001000800000005001700008008004100025245005000066260002600116100287620250826230438.0250824s9999 xx 000 0 und d 0aAY IŞIĞINI İÇEN KIZcKELLY BARNHİLL bHEP KİTAP YAYINLARI